Ratification By Ghana Of The Nairobi International Convention On The Removal Of Wrecks, 2007 (Record no. 4746)

MARC details
000 -LEADER
fixed length control field 00536nam a22001697a 4500
003 - CONTROL NUMBER IDENTIFIER
control field OSt
005 - DATE AND TIME OF LATEST TRANSACTION
control field 20241202104225.0
008 - FIXED-LENGTH DATA ELEMENTS--GENERAL INFORMATION
fixed length control field 241112b |||||||| |||| 00| 0 eng d
041 ## - LANGUAGE CODE
Language code of text/sound track or separate title English
082 ## - DEWEY DECIMAL CLASSIFICATION NUMBER
Classification number PM/NIC/18 Acc No 10223
100 ## - MAIN ENTRY--PERSONAL NAME
Personal name Hon. KWAKU Ofori Asiamah
110 ## - MAIN ENTRY--CORPORATE NAME
Corporate name or jurisdiction name as entry element Minister For Transport
245 ## - TITLE STATEMENT
Title Ratification By Ghana Of The Nairobi International Convention On The Removal Of Wrecks, 2007
300 ## - PHYSICAL DESCRIPTION
Extent 22p
650 ## - SUBJECT ADDED ENTRY--TOPICAL TERM
Source of heading or term The Nairobi International Convention On The Removal Of Wrecks, 2007
942 ## - ADDED ENTRY ELEMENTS (KOHA)
Source of classification or shelving scheme Dewey Decimal Classification
Koha item type Conventions
Suppress in OPAC No
Holdings
Withdrawn status Lost status Source of classification or shelving scheme Damaged status Not for loan Home library Current library Shelving location Date acquired Total checkouts Full call number Date last seen Copy number Price effective from Koha item type
    Dewey Decimal Classification     Main Library Main Library Open Shelves 12/11/2024   PM/NIC/18 Acc No 10,223 C1 12/11/2024 1 12/11/2024 Conventions
    Dewey Decimal Classification     Main Library Main Library Open Shelves 02/12/2024   PM/NIC/18 Acc No 10,223 C2 02/12/2024 2 02/12/2024 Conventions
©2026  Parliament of Ghana Library - All rights reserved